MARC details
| 000 -CABECERA |
| campo de control de longitud fija |
00870nam a2200241 a 4500 |
| 005 - FECHA Y HORA DE LA ÚLTIMA TRANSACCIÓN |
| campo de control |
20250605063848.0 |
| 008 - ELEMENTOS DE LONGITUD FIJA--INFORMACIÓN GENERAL |
| campo de control de longitud fija |
050920s1998 mx r 000 0 spa d |
| 020 ## - NÚMERO INTERNACIONAL NORMALIZADO PARA LIBROS |
| Número Internacional Estándar del Libro |
8476585381 |
| 035 ## - NÚMERO DE CONTROL DEL SISTEMA |
| Número de control de sistema |
UPN01000140166 |
| 049 ## - COLECCIÓN |
| Colección |
CG |
| 050 #4 - SIGNATURA TOPOGRÁFICA DE LA BIBLIOTECA DEL CONGRESO |
| Número de clasificación |
BL51 |
| Número de documento/Ítem |
M3.3 |
| 100 1# - ASIENTO PRINCIPAL--NOMBRE PERSONAL |
| Nombre de persona |
Mardones, José María, |
| Fechas asociadas al nombre |
1943- |
| 9 (RLIN) |
29672 |
| 245 13 - MENCIÓN DE TÍTULO |
| Título |
El discurso religioso de la modernidad : |
| Resto del título |
Habermas y la religión / |
| Mención de responsabilidad, etc. |
José M. Mardones. |
| 260 ## - PUBLICACIÓN, DISTRIBUCIÓN, ETC. |
| Lugar de publicación, distribución, etc. |
Barcelona, Esp. : |
| Nombre del editor, distribuidor, etc. |
Anthropos ; |
| Lugar de publicación, distribución, etc. |
México : |
| Nombre del editor, distribuidor, etc. |
Universidad Iberoamericana, |
| Fecha de publicación, distribución, etc. |
1998. |
| 300 ## - DESCRIPCIÓN FÍSICA |
| Extensión |
295 p. |
| 440 #0 - MENCIÓN DE SERIE/ASIENTO SECUNDARIO--TÍTULO |
| Título |
Pensamiento Crítico / pensamiento utópico. |
| Designación de volumen o secuencia |
104. |
| Nombre de parte o sección de la obra |
Filosofía de la religión |
| 650 #4 - ASIENTO SECUNDARIO DE MATERIA - TERMINO TEMATICO |
| Término de materia o nombre geográfico como elemento de entrada |
FILOSOFIA Y RELIGION |
| 9 (RLIN) |
16820 |
| 600 12 - ASIENTO SECUNDARIO DE MATERIA - NOMBRE PERSONAL |
| Nombre de persona |
Habermas, Jürgen, |
| Fechas asociadas al nombre |
1929- |
| Subdivisión general |
Crítica e interpretación |
| 9 (RLIN) |
1666 |
| 650 #4 - ASIENTO SECUNDARIO DE MATERIA - TERMINO TEMATICO |
| Término de materia o nombre geográfico como elemento de entrada |
Filosofía moderna |
| 9 (RLIN) |
8266 |
| 650 #2 - ASIENTO SECUNDARIO DE MATERIA - TERMINO TEMATICO |
| Término de materia o nombre geográfico como elemento de entrada |
Teología |
| 9 (RLIN) |
19173 |
| 740 0# - ASIENTO SECUNDARIO - TÍTULOS RELACIONADOS /ANALITICOS NO CONTROLADOS |
| Título relacionado o analítico no controlado |
Habermas y la religión |
| 905 ## - TIPO DE MATERIAL |
| Tipo de material |
Libro |